The Sustainable Urban Development Reader / (Record no. 13455)
[ view plain ]
| 000 -LEADER | |
|---|---|
| fixed length control field | 01615cam a22003858a 4500 |
| 001 - CONTROL NUMBER | |
| control field | 15134671 |
| 005 - DATE AND TIME OF LATEST TRANSACTION | |
| control field | 20150813134547.0 |
| 008 - FIXED-LENGTH DATA ELEMENTS--GENERAL INFORMATION | |
| fixed length control field | 080110t2009 enka frb 001 0 eng d |
| 010 ## - LIBRARY OF CONGRESS CONTROL NUMBER | |
| LC control number | 2008000357 |
| 020 ## - INTERNATIONAL STANDARD BOOK NUMBER | |
| International Standard Book Number | 0415453828 (pbk) |
| 020 ## - INTERNATIONAL STANDARD BOOK NUMBER | |
| International Standard Book Number | 9780415453820 (pbk) |
| 040 ## - CATALOGING SOURCE | |
| Original cataloging agency | DLC |
| Language of cataloging | EG-ScBUE |
| Transcribing agency | DLC |
| Modifying agency | DLC |
| 050 00 - LIBRARY OF CONGRESS CALL NUMBER | |
| Classification number | HT166 |
| Item number | .S9135 2008 |
| 082 00 - DEWEY DECIMAL CLASSIFICATION NUMBER | |
| Classification number | 307.1216 |
| Item number | SUS |
| Edition number | 22 |
| 245 04 - TITLE STATEMENT | |
| Title | The Sustainable Urban Development Reader / |
| Statement of responsibility, etc | Edited by Stephen M. Wheeler and Timothy Beatley. |
| 250 ## - EDITION STATEMENT | |
| Edition statement | 2nd ed. |
| 260 ## - PUBLICATION, DISTRIBUTION, ETC. (IMPRINT) | |
| Place of publication, distribution, etc | London : |
| Name of publisher, distributor, etc | Routledge, |
| Date of publication, distribution, etc | c.2009 |
| 263 ## - PROJECTED PUBLICATION DATE | |
| Projected publication date | 0806 |
| 300 ## - PHYSICAL DESCRIPTION | |
| Extent | xiv, 494 p. : |
| Other physical details | ill. ; |
| Dimensions | 25 cm. |
| 490 ## - Series Statement | |
| Series statement | The Routledge Urban Reader Series |
| 500 ## - GENERAL NOTE | |
| General note | Index: p.488-494. |
| 504 ## - BIBLIOGRAPHY, ETC. NOTE | |
| Bibliography, etc | Includes bibliographical references and index. |
| 505 0# - FORMATTED CONTENTS NOTE | |
| Formatted contents note | Origins of the sustainability concept -- Dimensions of sustainable urban development -- Tools for sustainability planning -- Sustainable urban development internationally -- Visions of sustainable community -- Case studies of urban sustainability -- Sustainability planning exercises. |
| 590 ## - LOCAL NOTE (RLIN) | |
| Local note | Mohamed Hussein |
| 650 #0 - SUBJECT ADDED ENTRY--TOPICAL TERM | |
| Topical term or geographic name as entry element | City planning. |
| 9 (RLIN) | 11657 |
| Source of heading or term | BUEsh |
| 650 #0 - SUBJECT ADDED ENTRY--TOPICAL TERM | |
| Topical term or geographic name as entry element | Community development, Urban. |
| 9 (RLIN) | 11658 |
| Source of heading or term | BUEsh |
| 650 #0 - SUBJECT ADDED ENTRY--TOPICAL TERM | |
| Topical term or geographic name as entry element | Sustainable urban development. |
| 9 (RLIN) | 11659 |
| Source of heading or term | BUEsh |
| 651 ## - SUBJECT ADDED ENTRY--GEOGRAPHIC NAME | |
| Source of heading or term | BUEsh |
| 653 ## - INDEX TERM--UNCONTROLLED | |
| Resource For college | BAEPS, Economics |
| Arrived date list | August2015 |
| 700 1# - ADDED ENTRY--PERSONAL NAME | |
| Personal name | Wheeler, Stephen |
| Fuller form of name | (Stephen Maxwell) |
| 9 (RLIN) | 11660 |
| 700 1# - ADDED ENTRY--PERSONAL NAME | |
| Personal name | Beatley, Timothy, |
| Dates associated with a name | 1957- |
| 9 (RLIN) | 11661 |
| 856 41 - ELECTRONIC LOCATION AND ACCESS | |
| Materials specified | Table of contents only |
| Uniform Resource Identifier | <a href="http://www.loc.gov/catdir/toc/ecip088/2008000357.html">http://www.loc.gov/catdir/toc/ecip088/2008000357.html</a> |
| 942 ## - ADDED ENTRY ELEMENTS (KOHA) | |
| Source of classification or shelving scheme | Dewey Decimal Classification |
| Item type | Book - Borrowing |
| Withdrawn status | Item status | Source of classification or shelving scheme | Damaged status | Not for loan | Vendor | Home library | Current library | Shelving location | Date acquired | Source of acquisition | Cost, normal purchase price | Serial Enumeration / chronology | Total Checkouts | Full call number | Barcode | Date last seen | Date last borrowed | Koha item type | Total Renewals | Checked out |
|---|---|---|---|---|---|---|---|---|---|---|---|---|---|---|---|---|---|---|---|---|
| Dewey Decimal Classification | Book store center | Central Library | Central Library | First floor | 22/02/2010 | 415.00 | 1 | 1 | 307.1216 SUS | 000019758 | 15/07/2025 | 28/01/2015 | Book - Borrowing | |||||||
| Dewey Decimal Classification | Alahram | Central Library | Central Library | First floor | 24/03/2010 | 334.00 | 31 | 3 | 307.1216 SUS | 000020269 | 20/12/2022 | 20/12/2022 | Book - Borrowing | 5 | 02/02/2026 |